| 000 | 00783nam a2200277 a 4500 | ||
|---|---|---|---|
| 001 | 10070 | ||
| 003 | BD-RjUL | ||
| 005 | 20211208234904.0 | ||
| 008 | 140122s1972 enka b 001 0 eng d | ||
| 020 | _a0070840075 | ||
| 035 | _a(BD-RjUL)10117 | ||
| 040 |
_aDLC _cDLC _dBD-RjUL _beng |
||
| 041 | _aeng | ||
| 082 | 0 | 0 |
_a535.84 _bBAF 1972 |
| 100 | 1 |
_aBanwell, C. N. _q(Colin N) _931070 |
|
| 245 | 1 | 0 |
_aFundamentals of molecular spectroscopy / _cC.N. Banwell |
| 250 | _a2nd ed. | ||
| 260 |
_aLondon : _bMcGraw-Hill, _cc1972 |
||
| 300 |
_axii, 348 p. : _bill. ; _c22 cm |
||
| 504 | _aBibliography: p. 334 and index. | ||
| 650 | 0 |
_aMolecular spectroscopy. _931071 |
|
| 650 | 0 |
_aSpectrum analysis _931072 |
|
| 942 |
_2ddc _cBK |
||
| 999 |
_c10070 _d10070 |
||